| 000 | 00670 a2200193 4500 | ||
|---|---|---|---|
| 001 | 58585 | ||
| 005 | 20260407155842.0 | ||
| 008 | 260407a1968 arg spa d | ||
| 003 | AR-UNSa-BCEJYS | ||
| 040 |
_aAR-UNSa-BCEJYS _bspa _cAR-UNSa-BCEJYS |
||
| 080 |
_a330 _xEconomía en general |
||
| 245 | 1 | 0 | _aUn modelo de fluctuaciones económicas |
| 264 | 1 |
_aBuenos Aires : _bEditorial del Instituto _c1968 |
|
| 300 |
_a134 p. _c20 cm. |
||
| 505 | _a1. Breve descripción del modelo de Hicks – 2. El modelo – 3. Análisis del modelo – 4. Comportamiento del modelo | ||
| 942 | _cBK | ||
| 590 | _aniveau_biblio:m niveau_hierar:0 | ||
| 100 | 1 | _aMartirena-Mantel, Ana María | |
| 999 |
_c6455 _d6455 |
||